000
00327nam a2200133Ia 4500
100
_a
Reitz/ J.R. & others
942
_c
BK
654
_a
Electromagnectic Theory
245
_a
Foundation of Electromagnectic Theory
260
_b
Narosa Pub House
_a
New Delhi
_c
1979
082
_a
530.141
_b
PAN
546
_a
ENGLISH
999
_c
35080
_d
35080